000
003280000a22001570004500
001
000087
003
MACL
040
_a
MACL
090
_c
87
_d
87
100
_a
Collin, P.H.
245
_a
Law Dictionary
_c
P.H. Collin
260
_a
Universal Book Stall,
_c
1999
350
_a
85
650
_a
Social Science
942
_k
340
_c
Book
999
_c
49394
_d
49394